Young citizens and new media : learning for democratic participation (Record no. 91108)

MARC details
000 -LEADER
fixed length control field 00736nam a2200229Ia 4500
008 - FIXED-LENGTH DATA ELEMENTS--GENERAL INFORMATION
fixed length control field 191130s2007##################000#0#eng##
020 ## - INTERNATIONAL STANDARD BOOK NUMBER
ISBN 9780415395991
082 ## - DEWEY DECIMAL CLASSIFICATION NUMBER
Classification number 323.042083 DAH
245 ## - TITLE STATEMENT
Title Young citizens and new media : learning for democratic participation
Statement of responsibility, etc edited by Peter Dahlgreen
260 ## - PUBLICATION, DISTRIBUTION, ETC. (IMPRINT)
Place of publication New York
Name of publisher Routledge
Year of publication c2007
300 ## - PHYSICAL DESCRIPTION
Number of Pages viii, 262 p. : ill. ; 24 cm
500 ## - GENERAL NOTE
General note Includes bibliographical references and index
650 ## - SUBJECT ADDED ENTRY--TOPICAL TERM
Topical Term Digital media - Social aspects
Topical Term Mass media and youth
Topical Term Youth - Political activity
700 ## - ADDED ENTRY--PERSONAL NAME
Personal name Dahlgren, Peter
991 ## -
-- 152327
Holdings
Withdrawn status Lost status Damaged status Not for loan Home library Current library Shelving location Date acquired Full call number Accession Number Price effective from Koha item type
        Anna Centenary Library Anna Centenary Library 3RD FLOOR, B WING 09.10.2020 323.042083 DAH 175782 09.10.2020 English Books

Find us on the map